A minha primeira enciclopédia de Geografia (Registo nº 3210)
[ vista simples ]
| 000 -Etiqueta do registo | |
|---|---|
| Cabeçalho | 00916nam a22003131 4500 |
| 005 - Identificador da versão | |
| Campo de controlo | 20240813121956.0 |
| 010 ## - Número internacional normalizado dos livros (ISBN) | |
| Número (ISBN) | 972070487X |
| 021 ## - Número do Depósito Legal | |
| Código do país | PT |
| Número | 219975/04 |
| 100 ## - Dados gerais de processamento | |
| Dados gerais de processamento | 20050519d2005 cd y0pory5003 ba |
| 102 ## - Pais de publicação ou produção | |
| País de publicação | Portugal |
| 101 1# - Língua de publicação | |
| Língua do texto, banda sonora, etc. | Português |
| Língua do documento no original | Inglês |
| 106 ## - Campo de dados codificados: material textual | |
| Dados codificados do material textual | r |
| 105 ## - Campo de dados codificados: livros | |
| Dados codificados dos livros | a f 001yy |
| 215 ## - Descrição física | |
| Indicação específica da natureza do documento e extensão da espécie | 63, [1] p. |
| Outras indicações físicas | il. |
| Dimensões | 29 cm |
| 200 1# - Titulo e menção de responsabilidade | |
| Título próprio | A minha primeira enciclopédia de Geografia |
| Primeira menção de responsabilidade | Elisabeth Dalby |
| Outras menções de responsabilidade | des. Adam Constantine... [et al.] |
| 225 2# - Colecção | |
| Título próprio da colecção | Mundo activo |
| 210 ## - Publicação, Distribuição, etc. | |
| Lugar da edição, distribuição, etc. | Porto |
| Nome do editor, distribuidor, etc. | Porto Editora |
| Data da publicação, distribuição, etc. | 2005 |
| 304 ## - Notas relativas a título e menção de responsabilidade | |
| Texto da nota | Tít. orig.: <The >usborne internet-linked first atlas |
| 606 ## - Nome comum usado como assunto | |
| Número de registo de entrada de autoridade | 0001387 |
| Palavra de ordem | Geografia |
| Número de registo de entrada de autoridade | 0002435 |
| Palavra de ordem | Enciclopédias |
| 675 ## - Classificação Decimal Universal (CDU) | |
| Notação | 91 |
| Edição | 2ª |
| Língua da edição | por |
| Notação | 03 |
| Edição | 2ª |
| Língua da edição | por |
| 702 #1 - Nome de autor-pessoa física (responsabilidade secundária) | |
| Número de registo de entrada de autoridade | 0002483 |
| Palavra de ordem | Constantine |
| Outra parte do nome não tomada para palavra de ordem | Adam |
| Código de função | Ilustrador / Técnico de desenho computorizado |
| 700 #1 - Nome de autor-pessoa física (responsabilidade principal) | |
| Número de registo de entrada de autoridade | 0002323 |
| Palavra de ordem | Dalby |
| Outra parte do nome não tomada para palavra de ordem | Elisabeth |
| 942 ## - Elementos de entrada adicionados (Koha) | |
| Tipo de item no Koha | Livro |
| Situação do levantamento | Origin of item (home branch) (coded) | Biblioteca de empréstimo | Código de barras | Cota | Circulation type (not for loan) | Tipo de documento | Nota do exemplar | Damaged status |
|---|---|---|---|---|---|---|---|---|
| Biblioteca Escolar da Coca Maravilhas | Biblioteca Escolar da Coca Maravilhas | BECM7047/05 | 9GEO DAL | Livro | Sem mensagem |
